ROBBINS & COTRAN PATHOLOGIC BASIS OF DISEASES (Record no. 4836)

MARC details
000 -LEADER
fixed length control field 00338nam a2200133Ia 4500
008 - FIXED-LENGTH DATA ELEMENTS--GENERAL INFORMATION
fixed length control field 150201s2014 xx 000 0 und d
082 ## - DEWEY DECIMAL CLASSIFICATION NUMBER
Classification number 616.07
Item number P2013V
100 ## - MAIN ENTRY--PERSONAL NAME
Personal name VINAY KUMAR
245 ## - TITLE STATEMENT
Title ROBBINS & COTRAN PATHOLOGIC BASIS OF DISEASES
250 ## - EDITION STATEMENT
Edition statement 8TH
260 ## - PUBLICATION, DISTRIBUTION, ETC. (IMPRINT)
Name of publisher, distributor, etc. ELSEVIER PUBLICATION
650 ## - SUBJECT ADDED ENTRY--TOPICAL TERM
Topical term or geographic name as entry element PATHOLOGY
942 ## - ADDED ENTRY ELEMENTS (KOHA)
Source of classification or shelving scheme Dewey Decimal Classification
Koha item type Books
Koha issues (borrowed), all copies 13
Holdings
Withdrawn status Lost status Source of classification or shelving scheme Damaged status Not for loan Home library Current library Date acquired Serial Enumeration / chronology SGTU Total Checkouts Full call number Barcode Date last seen Date last checked out Bill Date Koha item type
    Dewey Decimal Classification     SGT Dental Library SGT Dental Library 06/10/2014 1 SGTU 4 616.07 P2013V FD6966 03/02/2024 30/01/2024 09/02/2015 Books
    Dewey Decimal Classification     SGT Dental Library SGT Dental Library 06/10/2014 1 SGTU 1 616.07 P2013V FD6967 14/12/2019 04/12/2019 09/02/2015 Books
    Dewey Decimal Classification     SGT Dental Library SGT Dental Library 06/10/2014 1 SGTU 4 616.07 P2013V FD6968 24/07/2023 24/07/2023 09/02/2015 Books
    Dewey Decimal Classification     SGT Dental Library SGT Dental Library 06/10/2014 1 SGTU 9 616.07 P2013V FD6969 22/09/2025 08/09/2025 09/02/2015 Books
    Dewey Decimal Classification     SGT Dental Library SGT Dental Library 06/10/2014 1 SGTU 2 616.07 P2013V FD6970 26/03/2026 26/03/2026 09/02/2015 Books